000
00233nam a2200097Ia 4500
001
695791
005
20250826162000.0
008
250824s9999 xx 000 0 und d
245
0
_a
Bukre
_c
KAHRAMAN TAZEOĞLU
260
_b
DESTEK YAYINLARI
999
_c
695791
_d
695791